|
|
|
|
| LEADER |
01914nem a2200505 a 4500 |
| 001 |
000230505 |
| 003 |
CZ BrMZK |
| 005 |
20101112150515.0 |
| 007 |
a c |
| 008 |
010907s1997 xr f cze d |
| 015 |
|
|
|a cnb000278892
|
| 020 |
|
|
|a 80-901928-6-6
|
| 034 |
1 |
|
|a a
|b 23000
|
| 040 |
|
|
|a ABA001
|b cze
|
| 041 |
0 |
|
|a cze
|g ger
|g eng
|g fre
|
| 043 |
|
|
|a e-xr---
|
| 045 |
|
|
|a x9x9
|
| 080 |
9 |
|
|a 912
|
| 080 |
9 |
|
|a 914.371
|
| 080 |
9 |
|
|a 72
|
| 080 |
9 |
|
|a 929
|
| 100 |
1 |
|
|a Horák, Václav,
|d 1951-
|7 jk01042118
|4 ctg
|
| 245 |
1 |
0 |
|a Praha 1900-1945
|h [kartografický dokument] :
|b mapa moderní architektury : 1400 staveb /
|c mapa Václav Horák + Žaket Praha ; fotografie Vladimír Hyhlík, Jan Malý, Libor Novák
|
| 250 |
|
|
|a 1. vyd.
|
| 255 |
|
|
|a Měřítko 1:23 000
|
| 260 |
|
|
|a Praha :
|b CNC-Václav Horák,
|c 1997
|
| 300 |
|
|
|a 1 plán :
|b barev. ;
|c 46 x 62 cm vlepeno do obálky a všitá textová příloha (71 s.)
|
| 500 |
|
|
|a Fot.
|
| 500 |
|
|
|a Kresby
|
| 500 |
|
|
|a Na rubu listu text: Praha - příběh architektury 1900-1945 souběž. angl., něm., fr.
|
| 504 |
|
|
|a Rejstřík architektů a jejich staveb
|
| 648 |
|
4 |
|a 1900-1945
|
| 650 |
0 |
7 |
|a architektura
|7 ph118586
|z Česko
|y 1900-1945
|2 czenas
|
| 650 |
0 |
7 |
|a moderní architektura
|7 ph115339
|z Česko
|2 czenas
|
| 655 |
|
7 |
|a plány měst
|7 fd133027
|2 czenas
|
| 651 |
|
7 |
|a Praha (Česko)
|7 ge118011
|2 czenas
|
| 700 |
1 |
|
|a Hyhlík, Vladimír,
|d 1925-2011
|7 jk01043403
|4 pht
|
| 700 |
1 |
|
|a Malý, Jan,
|d 1954-2017
|7 jo20000082695
|4 pht
|
| 700 |
1 |
|
|a Novák, Libor
|4 pht
|
| 710 |
2 |
|
|a Žaket (vydavatelství)
|7 ko2003167884
|
| 910 |
|
|
|a BOA001
|b Skř.9A-1037.081
|b PK-0129.642
|
| 920 |
|
|
|a 000303030
|
| 990 |
|
|
|a MP
|
| 996 |
6 |
|
|b 2610058488
|c Skř.9A-1037.081
|l MZK
|r Sklad / do 24 hodin
|n 4
|p p.v.
|w 000230505
|u 000010
|a 1
|e BOA001
|j MZK50
|s P
|
| 996 |
7 |
|
|b 3119011879
|c PK-0129.642
|l MZK
|r Sklad / do 1 hodiny
|n 10
|p kup
|w 000230505
|u 000020
|a 1
|e BOA001
|j MZK50
|s A
|